000 00883nam a22001937a 4500
005 20250822122855.0
010 _aHIN-130270
020 _a9789357374978
_c200.00
035 _aHN-102616
037 _bरविन्द्र ध्यानी
082 _a
100 _aध्यानी, रविन्द्र
_984243
245 _aत्राहिमाम /
_cरविन्द्र ध्यानी
250 _aप्रथम
260 _aदेहरादून
_bरविन्द्र ध्यानी
_c2022
270 _aएल- 91 एमडीडीए कालोनी, केदारपुरम, पो. डिफेन्स कालोनी
_bदेहरादून
_k9759715603
_mdhyani.ravindra@gmail.com
300 _a95पृ
_c21 सेमी (अजिल्द)
942 _aDBAD
_cHN
_2ddc
_h
_mधयानी
999 _c213100
_d213100